000 00318nam a2200133Ia 4500
100 _aBeer/ F.P./ Johnston/ E.R.
942 _cBK
654 _aEngineers Dynamics
245 _aVector Mechanics for Engineers Dynamics
260 _bMC Graw-Hill
_aNew York
_c1977
082 _a620.1
546 _aENGLISH
999 _c22208
_d22208